000 00798nam a2200205Ii 4500
003 JO-AjNU
008 230605s9999||||xx |||||||||||||| ||und||
040 _aJO-AjNU
_bara
_erda
_cJO-AjNU
041 _aara
050 1 4 _aBP135.A3.G34 1990
100 3 _aالغماري، عبدالله بن الصديق؛ تقديم وتعليق وتحقيق حسن بن علي السقاف,
_eauthor
_941243
245 0 0 _aفتح المعين ينقد كتاب الأربعين ويليه بيني وبين الشيخ بكر
250 _aط1
264 3 1 _aعمان: مكتبة الامام النووي، 1990
300 _a96ص
336 _atext
_btxt
_2rdacontent
337 _aunmediated
_bn
_2rdamedia
338 _avolume
_bnc
_2rdacarrier
650 4 _aالاسلام - الحديث النبوي
_941244
999 _aA17568
_c21136
_d21136